000 00484nam a2200169Ia 4500
005 20250326123712.0
008 250326s9999 xx 000 0 und d
037 _aTextbook
040 _aFMSL
_beng
_cFMSL
041 _aeng
_2eng
084 _aX7243 M8
_qFMSL
245 0 _aIssue and redemption of capital
260 _aNew Delhi
_bNew Delhi, Institute of company secretaries of India
_c1988
300 _a381p
942 _cTB
_hX7243 M8
999 _c1270566
_d1270566